00692nam a2200229 i 4500001000300000100001800003245005200021260003800073300002100111650003200132655001800164020001500182040000800197041000800205080001900213920001800232942000700250008004100257999001700298856009800315952004900413bg1 aMAJCZAK, Adam10aPraktyczne programowanie w C++ /cAdam Majczak. aWarszawa :bINTERSOFTLAND,c1994. a403 s. ;c24 cm. 9aC++ (język programowania) aPodręczniki a8386389702 cBPK0 apol a004.438(07)A/Z a83-86389-70-2 cKS s pl f |000 0 pol  c44127d44127 uhttp://koha.tu.koszalin.pl/cgi-bin/koha/opac-detail.pl?biblionumber=44127yKatalog online BPK 00104070aBPKbBPKcwo70925p02168340yKS